Genshin Quizzes - Statistics

General Stats
  • This quiz has been taken 65 times
  • The average score is 7 of 14
Answer Stats
Question Answer % Correct
Who is the only female character to wear sneakers Varesa
91%
Which character has the longest E skill cool down time Tartaglia
78%
What name is Kokomi's five star weapon Everlasting Moonglow
76%
Who is the last polearm user before Escoffier Arlecchino
72%
What is Nahida archon name Buer
64%
Which banner made the most money? Hu Tao & Yelan
47%
What is the name of Dehya's constellation Mantichora
40%
Which limited character are most of players have Kaedehara Kazuha
38%
First character to travel fast by him/her E skill Xiao
38%
How many characters are medium female 34
34%
How many 5-star characters and weapons in the standard banner 18
33%
Which character of these had a 14-day banner Hu Tao
31%
Which version is the first to witnessed a duo banner 2.3
26%
Which playable characters had the most appearance in other characters demo trailers Kaveh
5%
No matching quizzes found
Score Distribution
Percent of People with Each Score
Percentile by Number Answered
Your Score History
You have not taken this quiz